00612 2200205 4500001002100000005001500021035002000036007000300056008004100059020002200100082001100122084001700133100002600150245011500176250001100291260004300302300003200345650001600377990001300393INLIS00000000000050120221214101637 a0010-1222000232ta221214 g 0 ind  a978-602-8974-00-4 a531.07 a531.07 YOH m0 aYohanes Surya, Ph. D.1 aMEKANIKA 2 :bBahan ajar persiapan menuju Olimpiade Sains Nasional/ Internasional SMA /cYohanes Surya, Ph. D. acet. 1 aJakarta :bPT. Trisula Adisakti,c2010 a134 hlm. :bIlus ;c25.5 cm 4aMekannika 2 a05910591